00365nam a2200121Ia 4500008004100000245010400041260001700145260000900162300000800171650002300179650001200202856002900214170516s9999 xx 000 0 und d aIn situ High Throughput Scattering Light Analysis of Single Plasmonic Nanoparticles in Living Cells bTheranostics c2015 a5:2 xMedical Technology xMedtech uhttp://www.thno.org/v5i2